Movie Villain Worldviews Quiz Stats

 Plays Quiz Updated Jun 15, 2014

Support Sporcle.
Go Orange.
Score 0/30 Timer 07:00
1 Play Today
% Correct
Gollum
87.1%
Cruella De Vil
84.8%
Wicked Witch of the West
81.3%
Jack Torrance
80.1%
Gordon Gekko
65.5%
Ursula
64.6%
Pamela Voorhees
57.5%
Darth Vader
54.8%
The Joker
51.2%
Hannibal Lecter
50.4%
Joan Crawford
47.5%
Annie Wilkes
47%
Lord Voldemort
46.8%
HAL 9000
46.6%
Ivan Drago
45.2%
% Correct
Count Dracula
41.8%
Jigsaw
39.5%
Det. Alonzo Harris
37%
Norman Bates
36.3%
Anton Chigurh
29.4%
Roy Batty
22.2%
Pinhead
21.1%
Billy Loomis
20.8%
Frank Costello
19.1%
Freddy Krueger
18%
Tony Montana
14.6%
Captain Amon Goeth
12%
Clarence Boddicker
9.3%
Harry Lime
8.7%
Frank Booth
7.9%

You're not logged in!

Compare scores with friends on all Sporcle quizzes.
OR
Log In

From the Vault

Consecutive Super Bowl Appearances

by PhilThePain

These teams were the only people bummed about missing the halftime show.
Remove Ads.
Support Sporcle.
Get the best of Sporcle when you Go Orange. This ad-free experience offers more features, more stats, and more fun while also helping to support Sporcle. Thank you for becoming a member.

Show Comments

Extras

Top Quizzes Today


Score Distribution

Your Account Isn't Verified!

In order to create a playlist on Sporcle, you need to verify the email address you used during registration. Go to your Sporcle Settings to finish the process.

Report this User

Report this user for behavior that violates our Community Guidelines.

Details: